|
|
|
|
| LEADER |
01296cam a22002658i 4500 |
| 001 |
20866593 |
| 003 |
GR-PaULI |
| 005 |
20210117210930.0 |
| 008 |
190218s2018 gr b 001 0 fre c |
| 952 |
|
|
|0 0
|1 0
|2 ddc
|4 0
|6 940_309000000000000_CEN
|7 0
|9 233585
|a LISP
|b LISP
|c BSC
|d 2019-07-04
|i 141185
|l 2
|o 940.309 CEN
|p 025000263886
|r 2024-11-11 12:15:58
|s 2024-10-30
|t 1
|v 2019.00
|w 2019-07-04
|y BK15
|
| 999 |
|
|
|c 141743
|d 141743
|
| 010 |
|
|
|a 2019007581
|
| 020 |
|
|
|a 9782869583023
|
| 040 |
|
|
|a ICU/DLC
|b gre
|c GR-PaULI
|e AACR2
|
| 082 |
0 |
4 |
|a 940.309
|2 23
|
| 245 |
0 |
0 |
|a Cent ans après :
|b la mémoire de la Première Guerre mondiale /
|c sous la direction de Elli Lemonidou = One hundred years after : the memory of the First World War / edited by Elli Lemonidou.
|
| 260 |
|
|
|a Athènes :
|b Ecole française d'Athènes,
|c 2018.
|
| 300 |
|
|
|a xi, 233 σ. :
|b εικ. ;
|c 24 εκ.
|
| 490 |
1 |
|
|a Mondes méditerranéens et balkaniques
|v 13.
|
| 504 |
|
|
|a Περιλαμβάνει βιβλιογραφικές παραπομπές και ευρετήριο.
|
| 650 |
|
4 |
|a Παγκόσμιος πόλεμος, 1914-1918
|9 77907
|
| 700 |
1 |
|
|a Ράλλη, Αγγελική
|e επιμελήτρια.
|9 1314
|d
|
| 830 |
|
0 |
|9 176877
|a Mondes méditerranéens et balkaniques
|v 13.
|
| 942 |
|
|
|2 ddc
|c BK15
|
| 998 |
|
|
|c ΜΠΟΥΡΑΣ
|d 2019-07
|